000 00734cab a2200265 4500
001 WB3409-16
008 090401t1998 xxu||||| |||| 00| 0 eng d
035 _a(Sirsi) u84651
041 _aeng
245 _aAtkins goes for PFI schools
260 _c1998
350 _a0
490 _aBuilding
_v268(8028) 27 February 1998, 16(1)
520 _aWS Atkins and Innisfree have set up a joint venture to bid for PFI schools projects.
650 _aEDUCATION SECTOR
650 _aINNISFREE
650 _aPFI
650 _aPRIVATE FINANCE INITIATIVE
650 _aPRIVATE INVESTMENT
650 _aSCHOOLS
650 _aWS ATKINS
690 _aPROPERTY-PROPERTY FINANCE AND INVESTMENT
942 _n0
948 _c04/03/1998
999 _c53221
_d53221